Finanční podvody a nelegální aktivity

História finančných podvodov. Rozsiahle kriminálne aktivity v oblasti finančnej sféry a peňazí, bankových zlyhaní, politickej korupcie, insider tradingu, prania peňazí a i. Ffinančné podvody a nelegálne aktivity v minulosti a súčasnosti. Príklad Holandska a tulipánov. Prípad South See Bubble v Angli...

Descrizione completa

Salvato in:
Dettagli Bibliografici
Autore principale: Machala, Karel
Natura: Capitolo di libro
Lingua:ceco
Soggetti:
Tags: Aggiungi Tag
Nessun Tag, puoi essere il primo ad aggiungerne!!

MARC

LEADER 00000naa$a2200000$$$4500
001 0025072
005 20231010083945.6
041 0 |a cze 
044 |a CZ 
245 1 0 |a Finanční podvody a nelegální aktivity  |c Karel Machala 
520 |a História finančných podvodov. Rozsiahle kriminálne aktivity v oblasti finančnej sféry a peňazí, bankových zlyhaní, politickej korupcie, insider tradingu, prania peňazí a i. Ffinančné podvody a nelegálne aktivity v minulosti a súčasnosti. Príklad Holandska a tulipánov. Prípad South See Bubble v Anglicku v oblasti finančníctva a kapitálových trhov. Mississippi Co. vo Francúzsku. Ponziho schéma a Mavrodiho MMM. Albánsko - pyramídové podvody a kríza v krajine. Nigérijské podvody. Spoločnosť Enron. Banky a pranie peňazí. 
610 2 0 |a kriminalita finančná 
610 2 0 |a podvody 
610 2 0 |a informácie dôverné 
610 2 0 |a obchodovanie dôverné 
610 2 0 |a pranie špinavých peňazí 
610 2 0 |a podvody bankové 
610 2 0 |a špekulácie 
610 2 0 |a história 
100 1 |a Machala, Karel